MARC

Tag First Indicator Second Indicator Subfields
LEADER 00000cas a2200000 4500
001 in00000049068
005 20151007065635.0
008 750926d19361983iluar s0uuua0eng d
035 |a (OCoLC)01658376 
035 |9 AAE2385AM 
040 |a AGL  |c AGL  |d COO  |d UCU  |d TXA  |d UtOrBLW 
049 |a TXAE 
070 |a S1.D5 
082 0 |b 630 
090 |a S55  |b .E27 
110 2 |a Dixon Springs Agricultural Center. 
245 1 0 |a DSAC. 
246 0 3 |a Update 
264 1 |a [Simpson, Ill.] :  |b [Dixon Springs Agricultural Center.] 
300 |a 48 volumes :  |b illustrations ;  |c 28 cm. annual. 
336 |a text  |b txt  |2 rdacontent 
337 |a unmediated  |b n  |2 rdamedia 
338 |a volume  |b nc  |2 rdacarrier 
362 0 |a Began publication in 1936. z Cf. Update 83 
500 |a "A research report of the Dixon Springs Agricultural Center." 
500 |a Cover title. 
550 |a "University of Illinois at Urbana-Champaign, College of Agriculture, Agricultural Experiment Station, and Cooperative Extension Service, in cooperation with the Forest Service, USDA, Shawnee National Forest" and other similar groups. 
650 0 |a Agriculture  |x Research  |v Periodicals. 
650 0 |a Agriculture  |x Research  |z Illinois. 
710 1 |a Illinois.  |b University.  |b Cooperative Extension Service. 
710 2 |a University of Illinois at Urbana-Champaign.  |b Agricultural Experiment Station. 
710 1 |a United States.  |b Forest Service. 
999 |a MARS 
999 f f |s e47e307b-9a90-3b3a-be67-cc9e2aa531e9  |i 5645a3ff-6861-3bc2-bd65-aa186b1631d8  |t 0 
952 f f |p ric  |a Texas A&M University  |b Rellis Campus  |c Joint Library Facility  |d Remote Storage  |t 0  |e S55 .E27  |h Library of Congress classification  |i unmediated -- volume  |l 1980  |m A14851201195 
952 f f |p ric  |a Texas A&M University  |b Rellis Campus  |c Joint Library Facility  |d Remote Storage  |t 0  |e S55 .E27  |h Library of Congress classification  |i unmediated -- volume  |l 1983  |m A14807958976 
952 f f |p ric  |a Texas A&M University  |b Rellis Campus  |c Joint Library Facility  |d Remote Storage  |t 0  |e S55 .E27  |h Library of Congress classification  |i unmediated -- volume  |l 1979  |m A14851201328 
952 f f |p ric  |a Texas A&M University  |b Rellis Campus  |c Joint Library Facility  |d Remote Storage  |t 0  |e S55 .E27  |h Library of Congress classification  |i unmediated -- volume  |l 1982  |m A14807572013 
952 f f |p ric  |a Texas A&M University  |b Rellis Campus  |c Joint Library Facility  |d Remote Storage  |t 0  |e S55 .E27  |h Library of Congress classification  |i unmediated -- volume  |l 1978  |m A14851201450 
952 f f |p ric  |a Texas A&M University  |b Rellis Campus  |c Joint Library Facility  |d Remote Storage  |t 0  |e S55 .E27  |h Library of Congress classification  |i unmediated -- volume  |l 1981  |m A14807585765 
952 f f |p ric  |a Texas A&M University  |b Rellis Campus  |c Joint Library Facility  |d Remote Storage  |t 0  |e S55 .E27  |h Library of Congress classification  |i unmediated -- volume  |l 1975  |m A14851201583 
998 f f |a S55 .E27  |s 1975,1978-1983  |t 0  |l Remote Storage